Cambridge IELTS 5 : (Record no. 63909)

MARC details
000 -LEADER
fixed length control field 00998nam a22002057a 4500
005 - DATE AND TIME OF LATEST TRANSACTION
control field 20120309123426.0
010 ## - LCCN (DPL NO)
LC control number B-456398
020 ## - INTERNATIONAL STANDARD BOOK NUMBER
International Standard Book Number 9780521700511
Terms of availability 395.00
020 ## - INTERNATIONAL STANDARD BOOK NUMBER
International Standard Book Number 05216700515
Terms of availability 395.00
035 ## - SYSTEM CONTROL NUMBER
System control number B-456398
037 ## - SOURCE OF ACQUISITION
Source of stock number/acquisition Allied
082 ## - DEWEY DECIMAL CLASSIFICATION NUMBER
Classification number 188.24076
245 ## - TITLE STATEMENT
Title Cambridge IELTS 5 :
Remainder of title examination papers from the university of Cambridge ESOLexaminations English for speakers of other languages /
260 ## - PUBLICATION, DISTRIBUTION, ETC. (IMPRINT)
Place of publication, distribution, etc New Delhi
Name of publisher, distributor, etc Cambridge University Press
Date of publication, distribution, etc 2010
270 ## - ADDRESS
Address Cambridge House,4381/4,Ansari Road,Daryaganj,
City New Delhi
Postal code 110002
300 ## - PHYSICAL DESCRIPTION
Extent 176p
Dimensions 24cm(pbk)
Accompanying material +CD-Rom
942 ## - ADDED ENTRY ELEMENTS (KOHA)
Source of classification or shelving scheme Dewey Decimal Classification
Item type English Books
Call number suffix CAM
Classification part 488.24076
Holdings
Withdrawn status Lost status Not for loan Collection code Home library Current library Date acquired Source of acquisition Cost, normal purchase price Full call number Barcode Copy number Cost, replacement price Koha item type
    Not For Loan Non-fiction Central Library Central Library 28/03/2012 Allied Pub/1498/12.12.2011/Spl.P.Order/12.12.2011/03.02.2012 395.00 488.24076 CAM B-456398 1 395.00 English Books

© Delhi Public Library
Hit Counter
free hit counter